|
|
|
|
| LEADER |
00000nam1a2200000 4500 |
| 001 |
273260 |
| 005 |
20231031225943.0 |
| 035 |
|
|
|a (RuTPU)RU\TPU\book\296469
|
| 090 |
|
|
|a 273260
|
| 100 |
|
|
|a 20141024d1987 k y0rusy5003 ca
|
| 101 |
0 |
|
|a rus
|
| 102 |
|
|
|a RU
|
| 200 |
1 |
|
|a Владимир Ильич Ленин. Биография. 1870-1924
|e в 2 т.
|f А. Г. Егоров [и др.]
|g Институт марксизма-ленинизма (ИМЛ)
|
| 205 |
|
|
|a 8-е изд.
|
| 210 |
|
|
|a Москва
|c Политиздат
|d 1987
|
| 701 |
|
1 |
|a Егоров
|b А. Г.
|
| 701 |
|
1 |
|a Ильичев
|b Л. Ф.
|
| 701 |
|
1 |
|a Константинов
|b Ф. В.
|
| 701 |
|
1 |
|a Косульников
|b А. П.
|
| 701 |
|
1 |
|a Левина
|b З. А.
|
| 701 |
|
1 |
|a Мчедлов
|b М. П.
|
| 712 |
0 |
2 |
|a Институт марксизма-ленинизма (ИМЛ)
|c (Москва)
|c (1956-1991)
|2 stltpush
|3 (RuTPU)RU\TPU\col\4702
|
| 801 |
|
0 |
|a RU
|b RuMRKP
|c 19950704
|g psbo
|
| 801 |
|
1 |
|a RU
|b 63413507
|c 20141024
|
| 801 |
|
2 |
|a RU
|b 63413507
|c 20180920
|g RCR
|
| 942 |
|
|
|c BK
|